Statistiques concernant Les 10 meilleurs buteurs de la France au 21eme siécle.

Cliquez ici pour prendre le quiz!

Statistiques générales

  • Ce quiz a été pris 392 fois
  • Le résultat moyen est 8 sur 10

Statistiques - réponses

ButsJoueursPériode en
sélection
% Correct
42Kylian Mbappe2017-
100%
54Olivier Giroud2011-
99%
44Antoine Griezmann2014-
98%
51Thierry Henry1997-2010
98%
37Karim Benzema2007-2022
90%
31Zinedine Zidane1994-2006
90%
34David Trezeguet1998-2008
75%
16Franck Ribery2006-2014
75%
26Sylvain Wiltord1999-2006
36%
14Nicolas Anelka1998-2010
24%

Distribution des résultats

Percentile par nombre de réponses

% des personnes avec chaque résultat

Votre développement - résultats

Vous n’avez pas pris ce quiz